Score 0/20 Timer 04:00
0 Plays Today
Scrambled Title Unscrambled Title % Correct
IGNK ONHJKing John
91.8%
OOMER NAD LUTIJERomeo and Juliet
89.4%
YREHN IIVIHenry VIII
89.2%
CHUM DOA TUBAO NIGHTNOMuch Ado About Nothing
84.4%
SLAL ELWL ATTH DNSE LELWAll's Well that Ends Well
83.5%
SILUJU ACARESJulius Caesar
79.9%
THELMAHamlet
79.2%
TECAMHBThe Scottish Play
77.9%
CHARMENT FO CENVIE(The) Merchant of Venice
73.2%
NOTANY DAN LEOCAPARTAntony and Cleopatra
71.5%
Scrambled Title Unscrambled Title % Correct
HLEOOLTOthello
70.2%
RMIEDMMUS STGINH MADER(A) Midsummer Night's Dream
68.8%
WOT LEMGENNTE FO ANOVER(The) Two Gentlemen of Verona
59.7%
FLEWHTT THINGTwelfth Night
51.8%
VOELS ROBSAUL SLOTLove's Labour's Lost
45.4%
ERSAMUE ORF SAMERUEMeasure for Measure
43.6%
SUITT ASUNCDRNOITitus Andronicus
40.6%
MOINT FO HASTENTimon of Athens
23.9%
MEBEINCLYCymbeline
21.3%
OSUINCAROLCoriolanus
15.6%
Remove Ads.
Support Sporcle.
Get the best of Sporcle when you Go Orange. This ad-free experience offers more features, more stats, and more fun while also helping to support Sporcle. Thank you for becoming a member.

You're not logged in!

Compare scores with friends on all Sporcle quizzes.
OR
Log In

Show Comments

Extras

Top Quizzes Today


Score Distribution

Your Account Isn't Verified!

In order to create a playlist on Sporcle, you need to verify the email address you used during registration. Go to your Sporcle Settings to finish the process.

Report this User

Report this user for behavior that violates our Community Guidelines.

Details: